Pisemne 1-15 po niemiecku - Statystyki

Ogólne statystyki
  • Ten quiz został rozwiązany 197 razy
  • Średni wynik to 13 z 15
Statystyki odpowiedzi
Podpowiedź Odpowiedź % Poprawnych
3 drei
99%
2 zwei
98%
5 funf
97%
8 acht
95%
7 sieben
95%
6 sechs
93%
9 neun
91%
4 vier
91%
1 eins
88%
11 elf
88%
10 zehn
85%
13 dreizehn
82%
15 funfzehn
82%
14 vierzehn
82%
12 zwolf
81%
Nie znaleziono quizów pasujących do podanych kryteriów
Rozkład punktacji
Procent ludzi z każdym wynikiem
Percentyl według liczby udzielonych odpowiedzi
Twoja historia wyników
Nie rozwiązałeś tego quizu